THE MANUFACTURE OF IRON AND STEEL A COMPREHENSIVE COURSE FOR OPERATIVES (Record no. 568365)

000 -LEADER
fixed length control field 00278nam a22001097a 4500
100 ## - MAIN ENTRY--PERSONAL NAME
Personal name BRANDT, D. J. D
9 (RLIN) 58152
245 ## - TITLE STATEMENT
Title THE MANUFACTURE OF IRON AND STEEL A COMPREHENSIVE COURSE FOR OPERATIVES
250 ## - EDITION STATEMENT
Edition statement 2ND
260 ## - PUBLICATION, DISTRIBUTION, ETC.
Place of publication, distribution, etc. LONDON
Name of publisher, distributor, etc. EUP
Date of publication, distribution, etc. 1960
300 ## - PHYSICAL DESCRIPTION
Extent 399P
942 ## - ADDED ENTRY ELEMENTS (KOHA)
Koha item type Book
Holdings
Withdrawn status Lost status Damaged status Not for loan Permanent Location Current Location Shelving location Date acquired Total Checkouts Barcode Date last seen Price effective from Koha item type
        College of Electrical & Mechanical Engineering (CEME) College of Electrical & Mechanical Engineering (CEME) General Stacks 07/14/2017   CEME-3270 06/28/2021 06/28/2021 Book
        College of Electrical & Mechanical Engineering (CEME) College of Electrical & Mechanical Engineering (CEME) General Stacks 07/14/2017   CEME-3269 06/28/2021 06/28/2021 Book
© 2023 Central Library, National University of Sciences and Technology. All Rights Reserved.